Metro Boomin - Top 25 najczęściej odtwarzanych piosenek - Statystyki

Ogólne statystyki
  • Ten quiz został rozwiązany 23 razy
    3 od ostatniego zresetowania
  • Średni wynik to 17 z 25
Statystyki odpowiedzi
Hint Odpowiedź % Poprawnych
WE DON'T TRUST YOU Like That
100%
Without Warning Ric Flair Drip
100%
SAVAGE MODE II Runnin
100%
HEROES & VILLAINS Superhero (Heroes & Villains)
100%
HEROES & VILLAINS Too Many Nights
100%
HEROES & VILLAINS Trance
100%
WE DON'T TRUST YOU Type Shit
100%
Savage Mode X
100%
NOT ALL HEROES WEAR CAPES 10 Freaky Girls
67%
SPIDER-MAN: ACROSS THE SPIDER-VERSE Am I Dreaming
67%
SPIDER-MAN: ACROSS THE SPIDER-VERSE Annihilate
67%
WE DON'T TRUST YOU Cinderella
67%
HEROES & VILLAINS Creepin'
67%
Without Warning Ghostface Killers
67%
SAVAGE MODE II Glock In My Lap
67%
Savage Mode No Heart
67%
NOT ALL HEROES WEAR CAPES Overdue
67%
HEROES & VILLAINS Raindrops (Insane)
67%
SAVAGE MODE II Rich Nigga Shit
67%
NOT ALL HEROES WEAR CAPES Space Cadet
67%
HEROES & VILLAINS Around Me
33%
SAVAGE MODE II Mr. Right Now
33%
HEROES & VILLAINS Niagara Falls (Foot or 2)
33%
NOT ALL HEROES WEAR CAPES No Complaints
33%
SPIDER-MAN: ACROSS THE SPIDER-VERSE Calling
0%
Nie znaleziono quizów pasujących do podanych kryteriów
Rozkład punktacji
Procent ludzi z każdym wynikiem
Percentyl według liczby udzielonych odpowiedzi
Twoja historia wyników
Nie rozwiązałeś tego quizu od ostatniego zresetowania